<?xml version="1.0" encoding="UTF-8"?><?xml-stylesheet type="text/xsl" href="static/style.xsl"?><OAI-PMH xmlns="http://www.openarchives.org/OAI/2.0/" xmlns:xsi="http://www.w3.org/2001/XMLSchema-instance" xsi:schemaLocation="http://www.openarchives.org/OAI/2.0/ http://www.openarchives.org/OAI/2.0/OAI-PMH.xsd"><responseDate>2026-04-27T20:01:03Z</responseDate><request verb="GetRecord" identifier="oai:uvadoc.uva.es:10324/70022" metadataPrefix="marc">https://uvadoc.uva.es/oai/request</request><GetRecord><record><header><identifier>oai:uvadoc.uva.es:10324/70022</identifier><datestamp>2025-03-26T19:45:17Z</datestamp><setSpec>com_10324_70009</setSpec><setSpec>com_10324_5186</setSpec><setSpec>com_10324_29291</setSpec><setSpec>col_10324_70010</setSpec></header><metadata><record xmlns="http://www.loc.gov/MARC21/slim" xmlns:doc="http://www.lyncode.com/xoai" xmlns:xsi="http://www.w3.org/2001/XMLSchema-instance" xmlns:dcterms="http://purl.org/dc/terms/" xsi:schemaLocation="http://www.loc.gov/MARC21/slim http://www.loc.gov/standards/marcxml/schema/MARC21slim.xsd">
<leader>00925njm 22002777a 4500</leader>
<datafield tag="042" ind1=" " ind2=" ">
<subfield code="a">dc</subfield>
</datafield>
<datafield tag="720" ind1=" " ind2=" ">
<subfield code="a">Mateos Ponciano, Juan</subfield>
<subfield code="e">author</subfield>
</datafield>
<datafield tag="260" ind1=" " ind2=" ">
<subfield code="c">2024</subfield>
</datafield>
<datafield tag="520" ind1=" " ind2=" ">
<subfield code="a">En este artículo analizo el no binarismo desde el género y la lingüística y pretendo ir más allá de las categorías europeas establecidas y del androcentrismo en el lenguaje. Describo el lenguaje no binario y la diferencia de este con el lenguaje inclusivo para proceder con un estudio del sexo y género humanos no binarios a lo largo de la historia y en culturas no europeizadas. También trato los sistemas de género y aplico diferentes enfoques y teorías lingüísticas al lenguaje no binario. Asimismo, estudio el género gramatical y su evolución hasta el español, francés, alemán e italiano.</subfield>
</datafield>
<datafield tag="024" ind2=" " ind1="8">
<subfield code="a">MariCorners: Revista de Estudios Interdisciplinares LGTBIA+ y queer; Vol. 1 Núm. 1 (2024): MariCorners: Estudios Interdisciplinares LGTBIA+ y Queer pags. 317-348</subfield>
</datafield>
<datafield tag="024" ind2=" " ind1="8">
<subfield code="a">3020-9552</subfield>
</datafield>
<datafield tag="024" ind2=" " ind1="8">
<subfield code="a">https://uvadoc.uva.es/handle/10324/70022</subfield>
</datafield>
<datafield tag="024" ind2=" " ind1="8">
<subfield code="a">10.24197/mcreilq.1.2024.317-348</subfield>
</datafield>
<datafield tag="024" ind2=" " ind1="8">
<subfield code="a">317</subfield>
</datafield>
<datafield tag="024" ind2=" " ind1="8">
<subfield code="a">1</subfield>
</datafield>
<datafield tag="024" ind2=" " ind1="8">
<subfield code="a">348</subfield>
</datafield>
<datafield tag="245" ind1="0" ind2="0">
<subfield code="a">Lenguaje y género no binarios</subfield>
</datafield>
</record></metadata></record></GetRecord></OAI-PMH>